000 00995nam a2200241Ia 4500
003 OSt
005 20251129095119.0
008 210716s2016 xx 000 0 und d
020 _a9781785888748
040 _cAIMIT LIBRARY
041 _aeng
082 _a006.31
_21
_b KARM
100 _aKarim, Md. Rezaul.
_9247175
245 _aLarge scale machine learning with spark: discover everything you need to build robust machine learning applications with spark 2.0 /
_bdiscover everything you need to build robust machine learning applications with spark 2.0 /
_cBy Rezaul Karim and Mahedi Kaysar.
250 _a1st ed.
260 _aMumbai :
_bPackt Publishing Ltd ,
_c2016.
300 _aviii,459p. ;
_bPB
_c24 cm
650 _aMachine learning best practice
_9247176
650 _aUnderstanding the problem by understanding the data
_9247177
650 _aBuilding scalable machine learning pipelines
_9247178
700 _aKaysar, Md. Mahedi.
_9247179
942 _2ddc
_cBK
_e1st
_k006.31 KARM
999 _c196604
_d196604